000 00536nam a2200181Ia 4500
008 090124s9999 xx 000 0 und d
082 _b2538
100 _aदेव सुधीर
245 _a स्वप्नगंधा
250 _a0
260 _bनिर्मल साहित्य प्रकाशन
300 _a80
600 _aदेव सुधीर
630 _a स्वप्नगंधा
700 _aदेव सुधीर
730 _a स्वप्नगंधा
942 _cBOOK
999 _c82470
_d82470